00281nam a2200109 a 4500008004100000050001400041100002000055245001800075260005200093300001700145350000900162080109s1972 ||||||||||||||||| || u aQ 162 Mar aMargenau, Henry14aThe scientist a[Nederland] N.V.bTime-Life Internationalc1972 a192p. : ill. a0.00